US History Hodgepodge II Quiz Stats

Quiz Updated Mar 19, 2016

Challenge
Share
Tweet
Embed
Score 0/40 Timer 10:00
9 Plays Today
Hint Answer % Correct
Which woman refused to give up her seat on December 1, 1955, an action which helped spark the Montgomery Bus Boycott?Rosa Parks
87.9%
Who was the primary author of the Declaration of Independence?Thomas Jefferson
85%
What is the name for the nationwide ban on alcohol that lasted from 1920 until 1933?Prohibition
83.7%
What is the Patient Protection and Affordable Care Act, passed in 2010, more commonly called?Obamacare
82.6%
What name was given to FDR's radio addresses to the country?Fireside Chats
79.8%
Which president introduced the Fourteen Points during a post-WWI speech?Woodrow Wilson
77.7%
What amendment officially granted women the right to vote in the US?19th Amendment
77.7%
Which Lincoln successor was the first US president to be impeached?Andrew Johnson
76.2%
Which Texas nickname signifies its time as an independent republic?Lone Star State
75%
Which executive order did Lincoln issue on January 1, 1863?Emancipation Proclamation
73%
What nickname is given to the stock market crash of October 29, 1929?Black Tuesday
72.6%
What two-word phrase describes the 19th-century belief that the US should expand westward?Manifest Destiny
72%
What were opponents of slavery called?Abolitionists
71.1%
What party was formed in opposition to Jackson?Whig Party
70.9%
Which lieutenant colonel was killed in the Battle of the Little Bighorn?George Armstrong Custer
69.6%
Which president was assassinated at the Pan-American Exposition in Buffalo, New York?William McKinley
68.5%
Which Lemhi Shoshone woman aided the Lewis and Clark expedition?Sacagawea
68%
What October 1962 event has been referred to as the closest the world has come to a nuclear war?Cuban Missile Crisis
66.4%
Which WWII general vowed to return to the Philippines?Douglas MacArthur
64.6%
Of the 48 contiguous states, which was last to join the union?Arizona
64.1%
Hint Answer % Correct
Which three-day battle included Pickett's Charge?Gettysburg
62.8%
Where did Lee surrender his army to Grant on April 9, 1865?Appomattox Court House
60.7%
Which frontiersman passed through the Cumberland Gap to explore Kentucky?Daniel Boone
60.4%
What famous route went from Independence, MO to the Willamette Valley?Oregon Trail
59.7%
What nickname was given to the Scopes Trial of 1925?Monkey Trial
58.9%
What scandal, involving anti-communist rebels in Nicaragua, broke out during Reagan's presidency?Iran-Contra Affair
56.6%
What was T. Roosevelt's political party in the 1912 election?Progressive Party
56%
What disaster was Reagan referring to when he paraphrased Magee's 'High Flight' poem: '...slipped the surly bonds of earth to touch the face of God.'?Challenger Disaster
55.4%
Which March 5, 1770 event was called the 'Incident on King Street' by the British?Boston Massacre
54.8%
What term refers to the series of protests sparked by a 1791 tax on distilled spirits?Whiskey Rebellion
54.8%
In what city were nine black students initially denied entry into [City Name] Central High School?Little Rock, Arkansas
54.6%
Which compromise determined how slaves would be counted for representation and taxation purposes?Three-Fifths Compromise
49.5%
Which former slave wrote 'My Bondage and My Freedom'?Frederick Douglass
46.6%
Which Mexican general launched the assault on the Alamo?Antonio López de Santa Anna
39.6%
Which New York city hosted what is commonly described as the first women's rights convention?Seneca Falls
36.3%
What nickname was given to the group of congressmen who wanted the US to declare war on Great Britain in 1812?War Hawks
32.9%
Which Shawnee leader did William Henry Harrison face prior to and during the War of 1812?Tecumseh
30.8%
What derogatory term was used to describe industrialists during the Gilded Age?Robber Barons
30%
What was the 1786 Massachusetts farmers' uprising called?Shays' Rebellion
26.9%
What did the colonial Patriots call the Coercive Acts?Intolerable Acts
26.5%

You're not logged in!

Compare scores with friends on all Sporcle quizzes.
Sign Up with Email
OR
Log In

You Might Also Like...

Show Comments

Extras

Top Quizzes Today


Score Distribution

Your Account Isn't Verified!

In order to create a playlist on Sporcle, you need to verify the email address you used during registration. Go to your Sporcle Settings to finish the process.